000 00920nam a2200277Ia 4500
001 21863
005 20260320113319.0
008 260320s9999||||xx |||||||||||||| ||und||
020 _a9786074813050
041 _aESP
082 _a519.2
_bM42
100 _aMendenhall, William,
_eAUT
245 0 _aIntroducción a la probabilidad y estadística
_b
246 _a
_5
_b
250 _aDécimo tercera edición
260 _aMéxico D. F. :
_bCengage Learning,
_c2010
300 _axxi, 746 páginas :
_bfiguras ;
_c27 cm.
_e
440 _a
_n
_v
500 _aNo tiene portada / Datos extraídos de Worldcat
650 _aMAT
653 _aEstadística matemática; Probabilidades
654 _aCHU
700 _aBeaver, Robert; Beaver, Barbara,
_cAUTS
856 _uhttps://login.ucsp.lookproxy.com/login?url=https://ebooks7-24.com/?aeds=1
_zVéase además: Base de datos Ebook7-24
942 _cLIB
_dJUS
_fTRC
_2ddc
_n
999 _c21863
_d21863